El deporte en el Estado dominicano : (Registro nro. 14413)
[ vista simple ]
| 000 -LIDER | |
|---|---|
| fixed length control field | 00854nam a2200253 a 4500 |
| 001 - NÚMERO DE CONTROL | |
| Identificador de número de control | 000034179 |
| 003 - IDENTIFICACDOR DE NÚMERO DE CONTROL | |
| control field | DO-SdBNP |
| 005 - DATE AND TIME OF LATEST TRANSACTION | |
| control field | 20230711110238.0 |
| 008 - ELEMENTOS DE LONGITUD FIJA | |
| fixed length control field | 110926s2004 dr r 000 0 spa d |
| 020 ## - ISBN | |
| International Standard Book Number | 9993479128 |
| 040 ## - FUENTE DE CATALOGACIÓN | |
| Agencia que crea de manera original el registro | DO-SdBNP |
| Idioma de catalogación | spa |
| Agencia que realiza la transcripción | BPMSU |
| 082 ## - NÚMERO DE CLASIFICACIÓN DECIMAL DE DEWEY | |
| Classification number | 796.7293 |
| Item number | M878d 2004 |
| Edition number | 22 |
| 100 1# - ASIENTO PRINCIPAL -- NOMBRE PERSONAL | |
| Nombre personal | Morrison, Heriberto |
| 245 13 - MENCIÓN DE TITULO | |
| Título | El deporte en el Estado dominicano : |
| Subtítulo | evolución y proyección internacional / |
| Mención de responsabilidad | Heriberto Morrison. |
| 260 ## - PUBLICACIÓN, DISTRIBUCIÓN, ETC. (PIE DE IMPRENTA) | |
| Lugar de publicación, distribución, etc | Santo Domingo : |
| Nombre del editor, distribuidor, etc. | Fundación Brugal, |
| Fecha de publicación, distribución, etc | 2004. |
| 300 ## - DESCRIPCIÓN FÍSICA | |
| Extensión | 282 p. ; |
| Dimensiones | 23 cm. |
| 500 ## - NOTA GENERAL | |
| Materiales especificados | Incluye datos biográficos del autor en la solapa de la cubierta |
| 590 ## - NOTA LOCAL | |
| Texto de la nota local | Inventariado, 2023/VM |
| 650 #4 - ENCABEZAMIENTO DE MATERIA--TEMÁTICO | |
| Término temático o nombre geográfico como elemento de entrada | Deportes |
| Subdivisión geográfica | República Dominicana |
| 650 #4 - ENCABEZAMIENTO DE MATERIA--TEMÁTICO | |
| Término temático o nombre geográfico como elemento de entrada | Deportes |
| Subdivisión temática general | Condiciones sociales |
| 650 #4 - ENCABEZAMIENTO DE MATERIA--TEMÁTICO | |
| Término temático o nombre geográfico como elemento de entrada | Industria del deporte |
| 910 ## - VALIDACIÓN | |
| Validación | VMateo V. Control de calidad (BPMSU) |
| 942 ## - ADDED ENTRY ELEMENTS (KOHA) | |
| Source of classification or shelving scheme | Dewey Decimal Classification |
| Koha item type | Libros |
| Withdrawn status | Lost status | Source of classification or shelving scheme | Damaged status | Not for loan | Collection code | Home library | Current library | Date acquired | Total Checkouts | Full call number | Barcode | Date last seen | Price effective from | Koha item type |
|---|---|---|---|---|---|---|---|---|---|---|---|---|---|---|
| Dewey Decimal Classification | Colección Dominicana | Biblioteca Pública Metropolitana Salomé Ureña | Biblioteca Pública Metropolitana Salomé Ureña | 07/11/2023 | BPMSU CD 796.7293 M878d 2004 | BPMSU23070023 | 07/11/2023 | 07/11/2023 | Libros |